000 00712nam a2200289Ia 4500
005 20260324132703.0
008 008 260324s9999 xx 000 0 eng d
020 _a9780203642689
037 _aEBOOK
040 _aCRL
040 _beng
040 _cCRL
041 _2eng
041 _aeng
084 _qCRL
100 _aPam Hirsch; Mark McBeth
_91190239
245 0 _aTeacher Training at Cambridge
245 4 _bThe Initiatives of Oscar Browning and Elizabeth Hughes
260 _bTaylor and Francis
260 _c2004
365 _a
365 _b240
856 _uhttp://www.taylorfrancis.com/books/9780203642689
942 _cEBOOK
999 _c1788560
_d1788560